Najdłuższe nazwy państw A-Z - Statystyki

Ogólne statystyki
  • Ten quiz został rozwiązany 12 721 razy
  • Średni wynik to 12 z 24
Statystyki odpowiedzi
# Litery Państwo % Poprawnych
Ł 5 Łotwa
85%
O 4 Oman
83%
A 15 Antigua i Barbuda lub Arabia Saudyjska
74%
D 27 Demokratyczna Republika Konga
72%
V 7 Vanuatu
68%
R 27 Republika Środkowoafrykańska lub Republika Zielonego Przylądka
63%
Z 26 Zjednoczone Emiraty Arabskie
63%
I 9 Indonezja
58%
F 9 Finlandia
57%
J 8 Jordania
53%
U 10 Uzbekistan
53%
W 29 Wyspy Świętego Tomasza i Książęca
50%
E 8 Eswatini
42%
H 9 Hiszpania
41%
G 15 Gwinea Równikowa
40%
P 15 Papua-Nowa Gwinea
38%
T 15 Trynidad i Tobago
37%
L 13 Liechtenstein
35%
N 12 Nowa Zelandia
35%
K 15 Korea Południowa
34%
C 10 Czarnogóra
33%
S 22 Saint Vincent i Grenadyny
33%
B 18 Bośnia i Hercegowina
30%
M 17 Macedonia Północna
30%
Nie znaleziono quizów pasujących do podanych kryteriów
Rozkład punktacji
Procent ludzi z każdym wynikiem
Percentyl według liczby udzielonych odpowiedzi
Twoja historia wyników
Nie rozwiązałeś tego quizu